000 00774nam a2200253Ia 4500
003 OSt
005 20221005133652.0
006 a|||||r|||| 00| 0
007 ta
008 221004b |||||||| |||| 00| 0 hin d
020 _c1912.5
024 _a92931
037 _b414, 23/03/2009, Swaraj Prakashan
_cTextual
040 _aCRL
_cCRL
_bhin
041 _2hin
_ahin
082 _aO152(Y15),1x, P6
100 _aचतुर्वेदी
245 0 _aस्त्री काव्य धारा
246 _aStrī kāvya dhārā
260 _c2006
650 _aहिन्दी साहित्य
942 _hO152(Y15),1x, P6
_cTEXL
_2cc
999 _c1067489
_d1067489